| 000 | 01599cam a2200349 a 4500 | ||
|---|---|---|---|
| 999 |
_c1771 _d1771 |
||
| 001 | 16873079 | ||
| 003 | OCoLC | ||
| 005 | 20180920175212.0 | ||
| 008 | 871002s1987 txua 000 0 eng | ||
| 010 | _a 87029561 | ||
| 020 |
_a084990630X : _c$14.95 |
||
| 020 | _a9780849906305 | ||
| 035 |
_a(OCoLC)16873079 _z(OCoLC)220238650 |
||
| 040 |
_aDLC _cDLC _dOCL _dOCLCQ _dBAKER _dBTCTA _dOCLCG _dCN5O8 _dSGB _dCKL _dDEBBG _dCIRBC |
||
| 043 | _an-us--- | ||
| 050 | 0 | 0 |
_aHQ755.8 _b.D63 1987 |
| 070 | 0 | _aHQ755.8.D63 | |
| 072 | 0 | _aU400 | |
| 072 | 0 | _aX800 | |
| 082 | 0 | 4 |
_a649.1 _219 _bD6351P |
| 092 |
_a649.1 _bD9355pa |
||
| 100 | 1 |
_aDobson, James C., _d1936- |
|
| 245 | 1 | 0 |
_aParenting isn't for cowards : _bdealing confidently with the frustrations of child-rearing / _cJames C. Dobson. |
| 260 |
_aWaco, Tex. : _bWord Books, _cc1987. |
||
| 300 |
_a239 p. : _bill. ; _c24 cm. |
||
| 505 | 0 | _aThe challenge -- The tough and the gentle -- What 35,000 parents said about their children -- What 35,000 parents said about themselves -- With love to parents who hurt -- Suggestions for parents of young children -- Power games -- Too pooped to parent -- Suggestions for parents of adolescents -- Questions and answers -- Releasing your grown child -- A final thought -- Appendix : Questionnaire for parents. | |
| 520 | _aHow to rear two of several psychological types of children -- the strong-willed child and the compliant child. | ||
| 650 | 0 |
_aParenting _zUnited States _xPsychological aspects. |
|
| 650 | 0 |
_aParenthood _xPsychological aspects. |
|
| 650 | 0 |
_aChild rearing _zUnited States. |
|
| 942 |
_2ddc _cBK |
||